| 000 | 00666nam a2200253 a 4500 | ||
|---|---|---|---|
| 999 |
_c5540 _d5540 |
||
| 001 | 5540 | ||
| 003 | BD-JhCC | ||
| 005 | 20210519134021.0 | ||
| 008 | 171217b xxu||||| |||| 00| 0 eng d | ||
| 020 | _a8185624917 | ||
| 035 | _a(BD-JhCC)5540 | ||
| 040 |
_aBD-JhCC _dBD-JhCC |
||
| 041 | _aeng | ||
| 082 |
_a517 _bDAS 1938 |
||
| 100 | _aDas, B. C. | ||
| 245 |
_aIntegral Calculus including differential equations / _cB. C. Das & B. N. Mukherjee |
||
| 250 | _a44th ed. | ||
| 260 |
_aIndia : _bU.N. Dhur & Sons Private Ltd, _c11938. |
||
| 300 |
_a467 p. : _c16 cm. |
||
| 650 | _aCalculus | ||
| 700 | _aMukherjee, B. N. | ||
| 942 |
_2ddc _cBK _02 |
||